000 00464nam a2200145Ia 4500
008 230917s9999||||xx |||||||||||||| ||und||
040 _e204769
_aMAIN
041 _aEnglish
082 _a891.43172109 SU23:PV
100 _aपाठक, विनय कुमार
245 0 _aएक कवि उमेश शर्मा
260 _aनई दिल्ली
_bमित्तल प्रकाशन
_c2007
300 _ax, 184 पृ. p.
942 _cHN
999 _c172662
_d172662